LEADER 00951cam0 22002893 450 001 SON0007474 005 20210415072607.0 010 $a8870428931 100 $a20032010d1984 |||||ita|0103 ba 101 $aita 102 $aIT 200 1 $aCapitan Tempesta$aIl ranocchio saltatore e altre storie$fMark Twain 210 $aNapoli$cGuida Editori$d1984 215 $a227p.$d21cm 225 2 $aArchivio del Romanzo$v14 410 1$1001LAEC00019338$12001 $a*Archivio del Romanzo$v14 700 1$aTwain$b, Mark$3AF00014240$4070$027404 801 0$aIT$bUNISOB$c20210415$gRICA 850 $aUNISOB 852 $aUNISOB$j853$m41658 912 $aSON0007474 940 $aM 102 Monografia moderna SBN 941 $aM 957 $a853$b000434$gSI$d41658$rACQUISTO$1Spinosa$2UNISOB$3UNISOB$420200205110311.0$520200205110319.0$6Spinosa 996 $aIl ranocchio saltatore e altre storie$91582929 996 $aCapitan Tempesta$9468933 997 $aUNISOB LEADER 01523nam0 22003733i 450 001 RMS0141102 005 20251003044344.0 010 $a0898714915 010 $a9780898714913 100 $a20081203d2001 ||||0itac50 ba 101 | $aeng 102 $aus 181 1$6z01$ai $bxxxe 182 1$6z01$an 183 1$6z01$anc$2RDAcarrier 200 1 $aLectures on modern convex optimization$eanalysis, algorithms, and engineering applications$fAharon Ben-Tal, Arkadi Nemirovski 210 $aPhiladelphia$cSIAM$cMPS$dc2001 215 $aXVI, 488 p.$cill.$d25 cm. 225 | $aMPS-SIAM series on optimization$v2 410 0$1001PUV0797618$12001 $aMPS-SIAM series on optimization$v2 606 $aProgrammazione non lineare$2FIR$3CFIC024703$9E 676 $a519.7$9MATEMATICA APPLICATA. PROGRAMMAZIONE$v14 676 $a519.76$9PROGRAMMAZIONE. PROGRAMMAZIONE NON LINEARE$v22 700 1$aBen Tal$b, Aharon$3MILV129743$4070$054400 701 1$aNemirovskii?$b, Arkadii? Semenovich$3MILV120530$4070$0725351 790 1$aNemirovskii$b, Arkadii$3MILV120746$zNemirovskii?, Arkadii? Semenovich 801 3$aIT$bIT-000000$c20081203 850 $aIT-BN0095 901 $bNAP 01$cSALA DING $n$ 912 $aRMS0141102 950 0$aBiblioteca Centralizzata di Ateneo$c1 v.$d 01SALA DING 519.7 BEN.le$e 0102 0000046315 VMA A4 1 v.$fY $h20030127$i20030127 977 $a 01 996 $aLectures on modern convex optimization$91574815 997 $aUNISANNIO